| 000 | 00391nam a2200145Ia 4500 | ||
|---|---|---|---|
| 008 | 231129s2002||||xx |||||||||||||| ||spa|| | ||
| 020 | _a958-33-3583-5 | ||
| 040 | _bspa | ||
| 082 | _a677.39 S252d | ||
| 100 | _aSastre Cruz Martha | ||
| 245 | 0 | _aDiseƱando y tejiendo con seda | |
| 260 | _c2002 | ||
| 264 | _aConvenio CDTS. Pronatta | ||
| 942 |
_2ddc _cBKS |
||
| 999 |
_c9664 _d9664 |
||